To Design a Thrust Measuring mechanism on J69-T25 Test Bed Using system 5000 & load cells (Record no. 326416)

000 -LEADER
fixed length control field 00378 a2200133 4500
001 - CONTROL NUMBER
control field 91343
082 ## - DEWEY DECIMAL CLASSIFICATION NUMBER
Classification number PR 1251
090 ## - LOCALLY ASSIGNED LC-TYPE CALL NUMBER (OCLC); LOCAL CALL NUMBER (RLIN)
-- 43463
-- 43462
100 ## - MAIN ENTRY--PERSONAL NAME
Personal name Malek Smadi;
245 ## - TITLE STATEMENT
Title To Design a Thrust Measuring mechanism on J69-T25 Test Bed Using system 5000 & load cells
Number of part/section of a work 46 'A' EC
260 ## - PUBLICATION, DISTRIBUTION, ETC.
Place of publication, distribution, etc. Karachi
Name of publisher, distributor, etc. NED University
Date of publication, distribution, etc. 1997
300 ## - PHYSICAL DESCRIPTION
Extent 53p
500 ## - GENERAL NOTE
General note BE Project Reports
942 ## - ADDED ENTRY ELEMENTS (KOHA)
Institution code [OBSOLETE] CAE NUST
Call number prefix PR 1251
Holdings
Withdrawn status Lost status Damaged status Not for loan Collection code Permanent Location Current Location Date acquired Total Checkouts Full call number Barcode Date last seen Price effective from Koha item type
          College of Aeronautical Engineering (CAE) College of Aeronautical Engineering (CAE) 04/03/2017   PR 1251 CAEPR-1251 04/05/2017 04/05/2017 Book
© 2023 Central Library, National University of Sciences and Technology. All Rights Reserved.